| 000 | 00618nam a22001697a 4500 | ||
|---|---|---|---|
| 999 |
_c15214 _d15214 |
||
| 003 | OSt | ||
| 082 | _2631.587 BIN/OP | ||
| 088 | _aT 104 | ||
| 100 |
_aBINDU J _92784 |
||
| 245 | _aOptimal cropping pattern for the better utilization of minor irrigation schemes | ||
| 260 |
_aTavanur 2000 _bKelappaji College of Agricultural Engineering and Technology |
||
| 300 | _a70 | ||
| 500 | _aOptimal cropping pattern for the better utilization of minor irrigation schemes | ||
| 520 | _aOptimal cropping pattern for the better utilization of minor irrigation schemes | ||
| 700 |
_aDr. Jobi V. Paul (Guide) _92345 |
||
| 942 | _cTH | ||